000 00392nam a22001577a 4500
005 20160625120052.0
008 160625b xxu||||| |||| 00| 0 eng d
041 _aeng
082 _b10178
100 _aWilliams, Harbert Lee
_92763
245 _aNews Paper Organization and Management
260 _bSurjeet Publication
300 _a485
650 _aMass Communication
_92660
942 _cBK
999 _c3995
_d3994